000 00211nam a2200085Ia 4500
008 120527s9999 xx 000 0 und d
100 _aRutledge & Claris
245 _aMathematics for Business Analysis
942 _cBK
999 _c27804
_d27804